[Event "Nova Scotia Closed"]
[Site "Halifax CAN"]
[Date "1999.05.01"]
[Round "2"]
[White "Mayo, Alvah"]
[Black "Lomond, Gerald"]
[Result "0-1"]
[WhiteElo "2066"]
[BlackElo "2130"]
[PlyCount "94"]
[GameId "2160767911805147"]
[EventDate "1999.04.30"]
[EventType "tourn"]
[EventRounds "5"]
[EventCountry "CAN"]

1. d4 Nf6 2. c4 e6 3. Nc3 Bb4 4. a3 Bxc3+ 5. bxc3 b6 6. Bg5 Bb7 7. f3 d6 8. e3 Nbd7 9. Bd3 h6 10. Bh4 O-O 11. Ne2 Re8 12. O-O e5 13. e4 Nf8 14. Bf2 N6d7 15. Qd2 Ng6 16. Be3 Nf6 17. Ng3 Bc8 18. Nf5 Bxf5 19. exf5 Nf8 20. Rae1 Qd7 21. Qc2 Re7 22. g4 N8h7 23. h4 e4 24. Bxe4 Rae8 25. Bd2 Nxe4 26. Rxe4 Rxe4 27. fxe4 Qc6 28. Rf4 Nf6 29. Qd3 Rxe4 30. Rxe4 Qxe4 31. Qxe4 Nxe4 32. Be1 Nf6 33. g5 hxg5 34. hxg5 Ne4 35. g6 fxg6 36. fxg6 Ng5 37. Kg2 Ne6 38. Kf3 Nf8 39. Ke4 Nxg6 40. Kd5 Ne7+ 41. Ke6 Nc6 42. Kd7 Na5 43. Kxc7 Nxc4 44. Kb7 a5 45. Ka6 Nxa3 46. Kxb6 a4 47. Ka5 Nc2 0-1

[Event "Nova Scotia Closed"]
[Site "Halifax CAN"]
[Date "1999.05.01"]
[Round "2"]
[White "Reddy, Tyler"]
[Black "Charlton, Glenn"]
[Result "1-0"]
[WhiteElo "2141"]
[BlackElo "2197"]
[PlyCount "54"]
[GameId "2160767911805148"]
[EventDate "1999.04.30"]
[EventType "tourn"]
[EventRounds "5"]
[EventCountry "CAN"]

1. c4 g6 2. g3 Bg7 3. Nc3 e5 4. Bg2 d6 5. e3 f5 6. Nge2 Nf6 7. O-O O-O 8. d4 e4 9. b3 Nc6 10. d5 Ne5 11. Nd4 Qe7 12. Ba3 g5 13. Qd2 g4 14. Nce2 Bh6 15. Nf4 Bxf4 16. exf4 Nf3+ 17. Bxf3 gxf3 18. Bb2 Qf7 19. Qc3 Qh5 20. h4 a6 21. b4 b5 22. Nc6 bxc4 23. Qxc4 Qg4 24. Ne7+ Kf7 25. Qxc7 Bd7 26. Nxf5 Qh3 27. Ne3 Rfc8 1-0

[Event "Nova Scotia Closed"]
[Site "Halifax CAN"]
[Date "1999.05.01"]
[Round "3"]
[White "Charlton, Glenn"]
[Black "Mathers, Jim"]
[Result "0-1"]
[WhiteElo "2197"]
[BlackElo "2110"]
[PlyCount "56"]
[GameId "2160767911805149"]
[EventDate "1999.04.30"]
[EventType "tourn"]
[EventRounds "5"]
[EventCountry "CAN"]

1. e4 Nc6 2. Nf3 d6 3. d4 Nf6 4. Nc3 Bg4 5. Be3 e6 6. h3 Bh5 7. d5 Ne5 8. g4 Nxf3+ 9. Qxf3 Bg6 10. O-O-O e5 11. Bb5+ Nd7 12. Qg2 Be7 13. Kb1 a6 14. Be2 h6 15. h4 c5 16. g5 h5 17. f4 exf4 18. Bxf4 Qc7 19. Bf3 Ne5 20. Bxe5 dxe5 21. Ne2 O-O-O 22. Ng3 c4 23. Bxh5 Rxh5 24. Nxh5 Bxh5 25. Rdf1 Kb8 26. Rh3 Qa5 27. Qh2 Rd6 28. Rg3 f5 0-1

[Event "Nova Scotia Closed"]
[Site "Halifax CAN"]
[Date "1999.05.01"]
[Round "3"]
[White "Lomond, Gerald"]
[Black "Reddy, Tyler"]
[Result "1-0"]
[WhiteElo "2130"]
[BlackElo "2141"]
[PlyCount "120"]
[GameId "2160767911805150"]
[EventDate "1999.04.30"]
[EventType "tourn"]
[EventRounds "5"]
[EventCountry "CAN"]

1. e4 e6 2. Nf3 d5 3. Nc3 Nf6 4. exd5 exd5 5. Be2 Bd6 6. O-O O-O 7. d3 c6 8. Bg5 Bg4 9. h3 Bh5 10. Nd4 Bxe2 11. Ndxe2 Nbd7 12. Bf4 Bxf4 13. Nxf4 Qb6 14. b3 Rfe8 15. Qd2 Qa5 16. h4 Re7 17. Rfd1 Qb6 18. Re1 Rae8 19. Rxe7 Rxe7 20. Re1 Rxe1+ 21. Qxe1 Qa5 22. Kf1 Qc7 23. g3 Ne5 24. Qe2 Ng6 25. Nxg6 hxg6 26. a4 Kf8 27. Nd1 Qd7 28. Kg2 Qf5 29. Qe3 a6 30. Qc5+ Kg8 31. Ne3 Qe5 32. a5 Nd7 33. Qb4 d4 34. Nc4 Qd5+ 35. Kg1 c5 36. Qe1 Nf6 37. Qe5 Qxe5 38. Nxe5 Kf8 39. Kf1 Ke7 40. Ke2 Ke6 41. Nc4 Nd5 42. Nd2 Nb4 43. Kd1 Kd5 44. Nc4 Ke6 45. Kd2 Nc6 46. Ke2 Ne5 47. Nd2 Kd5 48. Nc4 Nxc4 49. dxc4+ Ke4 50. f3+ Ke5 51. Kd3 Kf5 52. b4 cxb4 53. Kxd4 Ke6 54. Kc5 Kd7 55. Kb6 Kc8 56. c5 Kb8 57. c6 bxc6 58. Kxc6 Ka7 59. Kc7 f6 60. f4 f5 1-0

[Event "Nova Scotia Closed"]
[Site "Halifax CAN"]
[Date "1999.05.01"]
[Round "3"]
[White "Urquhart, Eddie"]
[Black "Mayo, Alvah"]
[Result "0-1"]
[WhiteElo "2230"]
[BlackElo "2066"]
[PlyCount "131"]
[GameId "2160767911805151"]
[EventDate "1999.04.30"]
[EventType "tourn"]
[EventRounds "5"]
[EventCountry "CAN"]

1. e4 c5 2. Nc3 Nc6 3. f4 g6 4. Nf3 Bg7 5. g3 e6 6. Bg2 Nge7 7. d3 O-O 8. O-O a6 9. Kh1 d5 10. Bd2 b5 11. Rb1 Rb8 12. h3 d4 13. Ne2 Bb7 14. g4 f5 15. e5 Nd5 16. gxf5 gxf5 17. Ng3 Bh6 18. Nh5 Kh8 19. h4 Nce7 20. Ng5 Qd7 21. Ng3 Bxg5 22. hxg5 Rf7 23. Qh5 Ng6 24. Ne2 Rg8 25. Kg1 Qe7 26. Kf2 h6 27. Rh1 Rh7 28. gxh6 Ngxf4 29. Bxf4 Rxg2+ 30. Kf1 Rg4 31. Bg3 Ne3+ 32. Kf2 Bxh1 33. Rxh1 Nd5 34. Ng1 Qg5 35. Qxg5 Rxg5 36. Ne2 Rg6 37. Nf4 Rgxh6 38. Rg1 Nxf4 39. Bxf4 Rh4 40. Kf3 Rg4 41. Rxg4 fxg4+ 42. Kxg4 Kg8 43. Kf3 Rh1 44. c3 Rf1+ 45. Ke4 Re1+ 46. Kf3 Kf7 47. cxd4 cxd4 48. b3 Ke7 49. a4 Kd7 50. axb5 axb5 51. b4 Kc6 52. Kf2 Rb1 53. Kf3 Kd5 54. Bd2 Kxe5 55. Bf4+ Kd5 56. Bd2 e5 57. Ke2 e4 58. dxe4+ Kxe4 59. Be1 d3+ 60. Kd2 Rxb4 61. Bg3 Rc4 62. Kd1 b4 63. Bd6 b3 64. Ba3 Ke3 65. Bc1+ Rxc1+ 66. Kxc1 0-1

[Event "Nova Scotia Closed"]
[Site "Halifax CAN"]
[Date "1999.05.02"]
[Round "4"]
[White "Mathers, Jim"]
[Black "Lomond, Gerald"]
[Result "0-1"]
[WhiteElo "2110"]
[BlackElo "2130"]
[PlyCount "73"]
[GameId "2160767911805152"]
[EventDate "1999.04.30"]
[EventType "tourn"]
[EventRounds "5"]
[EventCountry "CAN"]

1. e4 c5 2. Nc3 Nc6 3. f4 a6 4. Nf3 b5 5. d4 cxd4 6. Nxd4 Bb7 7. Be3 e6 8. Bd3 Qc7 9. O-O Nxd4 10. Bxd4 Bc5 11. Bxc5 Qxc5+ 12. Kh1 Nf6 13. e5 Qc6 14. Qe2 Nd5 15. Ne4 O-O 16. Nd6 f5 17. Rf3 Rab8 18. c3 Ba8 19. Bc2 Nb6 20. a4 Nc4 21. axb5 axb5 22. b3 Nxd6 23. exd6 Qxd6 24. Rd3 Qc7 25. Rad1 Bc6 26. b4 Rf6 27. Qf2 Rg6 28. Rg3 Rxg3 29. hxg3 Rf8 30. Qd4 Bd5 31. Bd3 Qc6 32. Rd2 Ra8 33. Bxf5 Bxg2+ 34. Rxg2 Ra1+ 35. Kh2 exf5 36. g4 fxg4 37. Kg3 0-1

[Event "Nova Scotia Closed"]
[Site "Halifax CAN"]
[Date "1999.05.02"]
[Round "4"]
[White "Mayo, Alvah"]
[Black "Reddy, Tyler"]
[Result "1/2-1/2"]
[WhiteElo "2110"]
[BlackElo "2141"]
[PlyCount "61"]
[GameId "2160767911805153"]
[EventDate "1999.04.30"]
[EventType "tourn"]
[EventRounds "5"]
[EventCountry "CAN"]

1. d4 d5 2. Nf3 Nf6 3. Bf4 e6 4. e3 Be7 5. Nbd2 O-O 6. Bd3 c5 7. c3 Nc6 8. O-O Re8 9. Qc2 b6 10. Ne5 Bb7 11. Bb5 Nxe5 12. Bxe8 Ng6 13. Ba4 Ba6 14. dxc5 Nxf4 15. cxb6 Ne2+ 16. Kh1 Qxb6 17. Rae1 Nxc3 18. bxc3 Bxf1 19. Rxf1 Rc8 20. Nb1 Qa6 21. Kg1 Ne4 22. Bb3 f5 23. Rc1 Nd6 24. Nd2 Nb5 25. Qd3 Qa5 26. c4 Nd6 27. Rc2 dxc4 28. Nxc4 Nxc4 29. Rxc4 Rd8 30. Qf1 Qe5 31. g3 1/2-1/2

[Event "Nova Scotia Closed"]
[Site "Halifax CAN"]
[Date "1999.05.02"]
[Round "4"]
[White "Urquhart, Eddie"]
[Black "Charlton, Glenn"]
[Result "0-1"]
[WhiteElo "2230"]
[BlackElo "2197"]
[PlyCount "80"]
[GameId "2160767911805154"]
[EventDate "1999.04.30"]
[EventType "tourn"]
[EventRounds "5"]
[EventCountry "CAN"]

1. e4 g6 2. Nc3 Bg7 3. f4 c5 4. Nf3 Nc6 5. g3 d6 6. Bg2 e6 7. d3 Nge7 8. O-O O-O 9. Kh1 Rb8 10. g4 f5 11. h3 b5 12. Qe1 Nd4 13. Nxd4 cxd4 14. Ne2 Qc7 15. c3 dxc3 16. bxc3 b4 17. Bd2 Ba6 18. Rc1 b3 19. c4 b2 20. Rb1 fxe4 21. Bxe4 d5 22. Bg2 dxc4 23. Nc3 Rb6 24. Be3 cxd3 25. Bxb6 Qxb6 26. Na4 Qd6 27. Qd2 Nd5 28. Be4 Rxf4 29. Rxf4 Qxf4 30. Qxf4 Nxf4 31. Nxb2 Ne2 32. Bf3 Nc3 33. Re1 e5 34. Nd1 e4 35. Nxc3 exf3 36. Nd1 Bd4 37. Rf1 d2 38. Rxf3 Be2 39. Kg2 Bxd1 40. Rd3 Bc3 0-1

[Event "Nova Scotia Closed"]
[Site "Halifax CAN"]
[Date "1999.05.02"]
[Round "5"]
[White "Charlton, Glenn"]
[Black "Mayo, Alvah"]
[Result "1-0"]
[WhiteElo "2197"]
[BlackElo "2066"]
[PlyCount "61"]
[GameId "2160767911805155"]
[EventDate "1999.04.30"]
[EventType "tourn"]
[EventRounds "5"]
[EventCountry "CAN"]

1. e4 c5 2. Nc3 d6 3. f4 Nc6 4. Bb5 a6 5. Bxc6+ bxc6 6. d3 Nf6 7. Nf3 e6 8. O-O Be7 9. e5 Nd7 10. exd6 Bxd6 11. Ne4 Be7 12. Be3 O-O 13. Ne5 Qb6 14. b4 Nxe5 15. fxe5 Qxb4 16. Rb1 Qa5 17. Qg4 Qc7 18. Nf6+ Kh8 19. Qh4 gxf6 20. exf6 Bd6 21. Rf3 e5 22. Rg3 Rg8 23. Rxg8+ Kxg8 24. Qg5+ Kf8 25. Qg7+ Ke8 26. Qg8+ Kd7 27. Qxf7+ Kd8 28. Qg8+ Kd7 29. f7 Bb7 30. Qg4+ Ke7 31. Qf5 1-0

[Event "Nova Scotia Closed"]
[Site "Halifax CAN"]
[Date "1999.05.02"]
[Round "5"]
[White "Lomond, Gerald"]
[Black "Urquhart, Eddie"]
[Result "1/2-1/2"]
[WhiteElo "2130"]
[BlackElo "2230"]
[PlyCount "77"]
[GameId "2160767911805156"]
[EventDate "1999.04.30"]
[EventType "tourn"]
[EventRounds "5"]
[EventCountry "CAN"]

1. e4 c6 2. c4 d5 3. exd5 cxd5 4. cxd5 Nf6 5. Nc3 g6 6. Nf3 Bg7 7. Be2 O-O 8. O-O Nxd5 9. d4 Nc6 10. Qb3 Nxc3 11. bxc3 b6 12. Ba3 Bb7 13. Rfe1 Bf6 14. Rad1 Qc7 15. c4 Rfd8 16. d5 Na5 17. Qb4 Rac8 18. Rc1 Ba6 19. c5 bxc5 20. Rxc5 Qxc5 21. Qxc5 Rxc5 22. Bxc5 Bxe2 23. Rxe2 Rxd5 24. Bxa7 Nc6 25. Be3 Ne5 26. Nd2 Kg7 27. h3 Nd3 28. Nf1 Nb2 29. Bd2 e6 30. Ne3 Rb5 31. Ng4 Bd4 32. Be3 Bxe3 33. Nxe3 Nd3 34. Rd2 Nc1 35. a4 Rb4 36. Rc2 Rb1 37. Kh2 Ra1 38. Nc4 Nb3 39. Nb6 1/2-1/2

[Event "Nova Scotia Closed"]
[Site "Halifax CAN"]
[Date "1999.05.02"]
[Round "5"]
[White "Reddy, Tyler"]
[Black "Mathers, Jim"]
[Result "1-0"]
[WhiteElo "2141"]
[BlackElo "2110"]
[PlyCount "57"]
[GameId "2160767911805157"]
[EventDate "1999.04.30"]
[EventType "tourn"]
[EventRounds "5"]
[EventCountry "CAN"]

1. c4 Nf6 2. g3 g6 3. Bg2 Bg7 4. Nc3 e5 5. e4 Nc6 6. Nge2 d6 7. h3 O-O 8. O-O Be6 9. d3 Qd7 10. Kh2 Nh5 11. g4 Nf6 12. Ng3 Ne8 13. f4 f5 14. exf5 gxf5 15. gxf5 Bxf5 16. Nxf5 Rxf5 17. Be4 Rf8 18. Nd5 Nf6 19. Nxf6+ Rxf6 20. Rg1 Kh8 21. f5 Bh6 22. Bg5 Bxg5 23. Rxg5 Rg8 24. Rxg8+ Kxg8 25. Qh5 Ne7 26. Rg1+ Kh8 27. Qg5 Rf7 28. f6 Ng6 29. Bxg6 1-0

[Event "Nova Scotia Closed-B"]
[Site "Halifax CAN"]
[Date "1999.05.01"]
[Round "1"]
[White "Davies, Cedric"]
[Black "Kenney, David"]
[Result "1-0"]
[WhiteElo "2025"]
[BlackElo "2024"]
[PlyCount "47"]
[GameId "2160767911805132"]
[EventDate "1999.05.01"]
[EventType "tourn"]
[EventRounds "3"]
[EventCountry "CAN"]

1. e4 g6 2. d4 Bg7 3. Nc3 d6 4. f4 Nf6 5. Nf3 c5 6. dxc5 Qa5 7. Bd3 Qxc5 8. Qe2 Nc6 9. Be3 Qa5 10. h3 Bd7 11. O-O O-O 12. Rad1 Rac8 13. Qf2 e5 14. Qh4 Nh5 15. f5 Qd8 16. Bg5 Bf6 17. Nd5 Bxg5 18. Nxg5 h6 19. f6 hxg5 20. Qxg5 Kh7 21. g4 Nf4 22. Rxf4 exf4 23. Qh4+ Kg8 24. Qh6 1-0

[Event "Nova Scotia Closed-B"]
[Site "Halifax CAN"]
[Date "1999.05.01"]
[Round "1"]
[White "Kenney, Jason"]
[Black "Saunders, Stephen"]
[Result "1/2-1/2"]
[WhiteElo "2074"]
[BlackElo "2041"]
[PlyCount "51"]
[GameId "2160767911805133"]
[EventDate "1999.05.01"]
[EventType "tourn"]
[EventRounds "3"]
[EventCountry "CAN"]

1. e4 c5 2. Nf3 d6 3. d4 cxd4 4. Nxd4 Nf6 5. Nc3 a6 6. Bc4 e6 7. Bb3 Nbd7 8. f4 Nc5 9. f5 Be7 10. O-O O-O 11. fxe6 Bxe6 12. Qe1 Nxb3 13. axb3 Qb6 14. Be3 Ng4 15. Nf5 Nxe3 16. Nxe7+ Kh8 17. Qf2 Qc7 18. Qxe3 Qxe7 19. Rf3 Rac8 20. Qd4 Qc7 21. Rd1 Qc5 22. Rfd3 f5 23. Qxc5 dxc5 24. Rd6 Rce8 25. exf5 Bxf5 26. R6d2 1/2-1/2

[Event "Nova Scotia Closed-B"]
[Site "Halifax CAN"]
[Date "1999.05.01"]
[Round "2"]
[White "Kenney, Jason"]
[Black "Davies, Cedric"]
[Result "1-0"]
[WhiteElo "2074"]
[BlackElo "2025"]
[PlyCount "49"]
[GameId "2160767911805134"]
[EventDate "1999.05.01"]
[EventType "tourn"]
[EventRounds "3"]
[EventCountry "CAN"]

1. e4 c6 2. d4 d5 3. f3 dxe4 4. fxe4 e5 5. Nf3 Be6 6. c3 Nd7 7. Bd3 Bd6 8. O-O Ne7 9. Ng5 Nf8 10. Qh5 Neg6 11. Qf3 f6 12. Nxe6 Nxe6 13. Bc4 Qd7 14. Be3 O-O-O 15. d5 Ng5 16. Qd1 Kb8 17. Nd2 Bc7 18. Qb3 Nf4 19. dxc6 Qxc6 20. Bb5 Qd6 21. Rad1 Bb6 22. Bxb6 Qxb6+ 23. Kh1 Nd3 24. Bxd3 Qxb3 25. Nxb3 1-0

[Event "Nova Scotia Closed-B"]
[Site "Halifax CAN"]
[Date "1999.05.01"]
[Round "2"]
[White "Saunders, Stephen"]
[Black "Kenney, David"]
[Result "1-0"]
[WhiteElo "2041"]
[BlackElo "2024"]
[PlyCount "63"]
[GameId "2160767911805135"]
[EventDate "1999.05.01"]
[EventType "tourn"]
[EventRounds "3"]
[EventCountry "CAN"]

1. d4 Nf6 2. c4 c5 3. d5 b5 4. cxb5 a6 5. f3 g6 6. e4 d6 7. Na3 Bg7 8. Ne2 O-O 9. Nc3 Nfd7 10. Be2 axb5 11. Naxb5 Ba6 12. a4 f5 13. O-O f4 14. g3 g5 15. Bd2 Ne5 16. Qc1 Ng6 17. Kg2 Nd7 18. Nd1 Nde5 19. Nf2 Qd7 20. Nh3 fxg3 21. Nxg5 gxh2 22. Ne6 Nh4+ 23. Kg3 h1=Q 24. Rxh1 Nhxf3 25. Bf4 Rf7 26. Bxf3 Nxf3 27. Kxf3 Be5 28. Qg1+ Kh8 29. Ke3 Bxf4+ 30. Nxf4 Rg7 31. Qh2 Rag8 32. Ng6+ 1-0

[Event "Nova Scotia Closed-B"]
[Site "Halifax CAN"]
[Date "1999.05.02"]
[Round "3"]
[White "Davies, Cedric"]
[Black "Saunders, Stephen"]
[Result "0-1"]
[WhiteElo "2025"]
[BlackElo "2041"]
[PlyCount "58"]
[GameId "2160767911805136"]
[EventDate "1999.05.01"]
[EventType "tourn"]
[EventRounds "3"]
[EventCountry "CAN"]

1. e4 c5 2. Nc3 Nc6 3. f4 g6 4. Nf3 Bg7 5. Bc4 e6 6. d3 Nge7 7. e5 d5 8. exd6 Nf5 9. d7+ Bxd7 10. Ne4 b6 11. g4 Nfd4 12. Nd6+ Ke7 13. Ng5 Rf8 14. c3 Kxd6 15. cxd4 Nxd4 16. f5 b5 17. Ne4+ Kc7 18. O-O gxf5 19. gxf5 Be5 20. Qh5 exf5 21. Bg5 f6 22. Bd2 Qe8 23. Qxe8 Raxe8 24. Nxc5 Ne2+ 25. Kf2 Bd4+ 26. Kf3 Bc6+ 27. Ne4 bxc4 28. Kxe2 fxe4 29. dxc4 Rg8 0-1

[Event "Nova Scotia Closed-B"]
[Site "Halifax CAN"]
[Date "1999.05.02"]
[Round "3"]
[White "Kenney, David"]
[Black "Kenney, Jason"]
[Result "1-0"]
[WhiteElo "2024"]
[BlackElo "2074"]
[PlyCount "63"]
[GameId "2160767911805137"]
[EventDate "1999.05.01"]
[EventType "tourn"]
[EventRounds "3"]
[EventCountry "CAN"]

1. c4 e5 2. Nc3 Nf6 3. g3 d5 4. cxd5 Nxd5 5. Bg2 Nb6 6. d3 Nc6 7. Nf3 Be7 8. O-O O-O 9. a3 a5 10. Qc2 Be6 11. Be3 f5 12. Bxb6 cxb6 13. Rac1 g5 14. Nd2 f4 15. Nce4 Kh8 16. e3 Rc8 17. Qb1 Qe8 18. Rce1 Qh5 19. Qd1 g4 20. exf4 Nd4 21. Re3 exf4 22. gxf4 Rxf4 23. Ng3 Qf7 24. Ne2 Nxe2+ 25. Qxe2 Rf6 26. Re1 Bc5 27. Ne4 Bxe3 28. Nxf6 Qxf6 29. fxe3 Rc7 30. Rf1 Qg5 31. b4 Bb3 32. Qb2+ 1-0

[Event "October Fall op"]
[Site "Toronto CAN"]
[Date "1999.10.15"]
[Round "1"]
[White "Gebhardt, David"]
[Black "Cohen, David"]
[Result "1-0"]
[WhiteElo "1907"]
[BlackElo "2019"]
[PlyCount "123"]
[GameId "2160767911742003"]
[EventDate "1999.10.15"]
[EventType "swiss"]
[EventRounds "5"]
[EventCountry "CAN"]

1. e4 e5 2. Nf3 Nc6 3. Nc3 Nf6 4. d4 exd4 5. Nd5 d6 6. Nxd4 Bd7 7. Nb5 Rc8 8. Bg5 Be7 9. Qe2 a6 10. Nbc3 O-O 11. Nxf6+ Bxf6 12. Bxf6 Qxf6 13. O-O-O Rfe8 14. f3 Nd4 15. Qd2 c5 16. Nd5 Qd8 17. c3 Qa5 18. Kb1 Nc6 19. Nf4 Rcd8 20. Bc4 Ne5 21. Bd5 Ba4 22. Rc1 c4 23. Nh5 Qc7 24. Qg5 Ng6 25. f4 Bc6 26. f5 Bxd5 27. exd5 Qe7 28. Qg4 Qd7 29. h3 Qb5 30. fxg6 hxg6 31. Nf4 Re5 32. Rhe1 Rde8 33. Rxe5 Rxe5 34. Rf1 g5 35. Ne2 Rxd5 36. Nd4 Qe8 37. Qf3 Re5 38. Nc2 b5 39. Qg3 Qd7 40. Nd4 Qb7 41. Qf3 Qd7 42. Qa8+ Kh7 43. Qxa6 Qe7 44. Nf3 Re2 45. Qxb5 Qe4+ 46. Ka1 Rxg2 47. Nxg5+ Rxg5 48. Qxg5 Qd3 49. Qf5+ Kh6 50. Qxd3 cxd3 51. Rd1 f5 52. Rxd3 f4 53. Rxd6+ Kh5 54. Rd8 Kh4 55. Rh8+ Kg3 56. Rg8 f3 57. Rxg7+ Kxh3 58. Kb1 f2 59. Rf7 Kg2 60. Kc2 f1=Q 61. Rxf1 Kxf1 62. Kd2 1-0

[Event "October Fall op"]
[Site "Toronto CAN"]
[Date "1999.10.16"]
[Round "2"]
[White "Cohen, David"]
[Black "Nagy, Julius"]
[Result "1-0"]
[WhiteElo "2019"]
[BlackElo "1812"]
[PlyCount "91"]
[GameId "2160767911742004"]
[EventDate "1999.10.15"]
[EventType "swiss"]
[EventRounds "5"]
[EventCountry "CAN"]

1. e4 c5 2. Nf3 Nc6 3. d4 cxd4 4. Nxd4 e5 5. Nf3 d6 6. c4 Nf6 7. Nc3 Bg4 8. Be2 Be7 9. O-O O-O 10. Be3 a6 11. a3 Bxf3 12. Bxf3 Rc8 13. b4 Qc7 14. Be2 Nd8 15. Rc1 Ne6 16. Qd2 Rfd8 17. f3 Qd7 18. g3 Nc7 19. Bb6 Qh3 20. Rfd1 Rd7 21. Bf1 Qh5 22. Qf2 Na8 23. Be3 Rdc7 24. h4 Bf8 25. g4 Qg6 26. Qg2 h5 27. g5 Ne8 28. Qh2 f5 29. Bh3 f4 30. Bf5 Qf7 31. Nd5 g6 32. Bxc8 Rxc8 33. Bf2 Nec7 34. Qh3 Qe6 35. Qxe6+ Nxe6 36. Nf6+ Kf7 37. c5 dxc5 38. Rd7+ Be7 39. Nd5 Re8 40. Bxc5 Nxc5 41. Rxc5 Ke6 42. Rxe7+ Rxe7 43. Nxe7 Kxe7 44. Rxe5+ Kd6 45. Re8 Nb6 46. Rg8 1-0

[Event "October Fall op"]
[Site "Toronto CAN"]
[Date "1999.10.16"]
[Round "3"]
[White "Filipovich, David"]
[Black "Livshits, Ron"]
[Result "0-1"]
[WhiteElo "2366"]
[BlackElo "2519"]
[PlyCount "72"]
[GameId "2160767911742005"]
[EventDate "1999.10.15"]
[EventType "swiss"]
[EventRounds "5"]
[EventCountry "CAN"]

1. Nf3 Nf6 2. g3 b6 3. Bg2 Bb7 4. O-O e6 5. c4 Be7 6. Nc3 O-O 7. d4 Ne4 8. Qc2 Nxc3 9. Qxc3 c5 10. Rd1 cxd4 11. Qxd4 d6 12. Bd2 e5 13. Qc3 Qc7 14. Rac1 h6 15. b4 Nc6 16. Qb3 Rae8 17. e4 Bc8 18. Be3 Be6 19. Qb2 Qb8 20. Nd2 Bg5 21. Nb1 Rc8 22. a3 Bxe3 23. fxe3 Ne7 24. Qd2 Bg4 25. Rf1 Rc6 26. Rc3 Be6 27. Qd3 Rfc8 28. Rfc1 Qc7 29. Bf1 Ng6 30. a4 Qe7 31. Na3 h5 32. Rd1 h4 33. b5 R6c7 34. gxh4 Nxh4 35. Qc2 Qg5+ 36. Kh1 Bg4 0-1

[Event "October Fall op"]
[Site "Toronto CAN"]
[Date "1999.10.16"]
[Round "3"]
[White "Michalowski, Lukasz"]
[Black "Cohen, David"]
[Result "0-1"]
[WhiteElo "1863"]
[BlackElo "2019"]
[PlyCount "70"]
[GameId "2160767911742006"]
[EventDate "1999.10.15"]
[EventType "swiss"]
[EventRounds "5"]
[EventCountry "CAN"]

1. d4 d5 2. c4 e5 3. Nc3 exd4 4. Qxd4 Be6 5. cxd5 c6 6. Nf3 cxd5 7. Bf4 Nc6 8. Qa4 Bd6 9. Nb5 Bxf4 10. Qxf4 Qa5+ 11. Nc3 Nf6 12. Qd2 O-O 13. e3 Rad8 14. Bd3 Rfe8 15. O-O Bg4 16. Nd4 Ne5 17. Qc2 Nc4 18. Nxd5 Qxd5 19. Qxc4 Qg5 20. Be2 Bh3 21. Bf3 Ng4 22. Rfe1 Ne5 23. Qe2 Ng6 24. Red1 Nh4 25. Qf1 Rxd4 26. exd4 Nxf3+ 27. Kh1 Qf4 28. g3 Qf5 29. Qd3 Qd5 30. Qb3 Qe4 31. Qd3 Bg2+ 32. Kxg2 Ne1+ 33. Kh3 Nxd3 34. Rf1 Re6 35. f3 Rh6+ 0-1

[Event "October Fall op"]
[Site "Toronto CAN"]
[Date "1999.10.17"]
[Round "4"]
[White "Cohen, David"]
[Black "Dai, Jason"]
[Result "1-0"]
[WhiteElo "2019"]
[BlackElo "1908"]
[PlyCount "79"]
[GameId "2160767911742007"]
[EventDate "1999.10.15"]
[EventType "swiss"]
[EventRounds "5"]
[EventCountry "CAN"]

1. e4 e6 2. d4 d5 3. Nc3 Bb4 4. e5 Ne7 5. Nf3 c5 6. Be2 Nbc6 7. Be3 cxd4 8. Bxd4 Nxd4 9. Nxd4 Bd7 10. Qd2 Rc8 11. O-O O-O 12. Rad1 Bxc3 13. bxc3 a6 14. Rb1 b5 15. Bd3 Qc7 16. Qg5 Ng6 17. f4 Qxc3 18. Ne2 Qc5+ 19. Kh1 f6 20. Qh5 Be8 21. Qh3 Qe7 22. Qe3 fxe5 23. f5 exf5 24. Bxf5 Bd7 25. Bxg6 Rxf1+ 26. Rxf1 hxg6 27. Qd3 Qe6 28. Re1 e4 29. Qd2 Rf8 30. Nf4 e3 31. Qd4 Qd6 32. Qxd5+ Qxd5 33. Nxd5 e2 34. Ne3 Rf1+ 35. Nxf1 exf1=Q+ 36. Rxf1 Be6 37. a3 Bc4 38. Rf4 a5 39. a4 g5 40. Rg4 1-0

[Event "October Fall op"]
[Site "Toronto CAN"]
[Date "1999.10.17"]
[Round "5"]
[White "Duong, Brian"]
[Black "Cohen, David"]
[Result "1/2-1/2"]
[WhiteElo "1999"]
[BlackElo "2019"]
[PlyCount "91"]
[GameId "2160767740584169"]
[EventDate "1999.10.15"]
[EventType "swiss"]
[EventRounds "5"]
[EventCountry "CAN"]

1. Nf3 d5 2. g3 Nf6 3. Bg2 Nc6 4. O-O e5 5. d3 Be7 6. Nbd2 O-O 7. c3 Be6 8. Qc2 Qd7 9. e4 Rad8 10. Ng5 Bg4 11. Re1 d4 12. Bf1 h6 13. Ngf3 dxc3 14. bxc3 Bh3 15. Bxh3 Qxh3 16. Nc4 Ng4 17. Ne3 h5 18. Qe2 Kh7 19. Ba3 Nxe3 20. Qxe3 Qd7 21. Bxe7 Qxe7 22. d4 exd4 23. cxd4 b6 24. a3 Rd6 25. Rad1 Rfd8 26. d5 Kg8 27. Qe2 Ne5 28. Nxe5 Qxe5 29. f4 Qc3 30. Rd3 Qc5+ 31. Kg2 h4 32. Red1 hxg3 33. hxg3 c6 34. Qf3 cxd5 35. Rxd5 Qc2+ 36. R1d2 Qxd2+ 37. Rxd2 Rxd2+ 38. Kh3 R8d3 39. Qg4 Rxa3 40. Qc8+ Kh7 41. Qf8 Rdd3 42. Qxf7 Rxg3+ 43. Kh4 Rg1 44. e5 Rag3 45. Qh5+ Kg8 46. Qe8+ {3rd place} 1/2-1/2

[Event "Ontario op U2000"]
[Site "Blue Mountain CAN"]
[Date "1999.10.11"]
[Round "6"]
[White "Dai, Jason"]
[Black "Zimninski, Nick"]
[Result "1-0"]
[WhiteElo "1905"]
[BlackElo "1910"]
[PlyCount "48"]
[GameId "2160767911742033"]
[EventDate "1999.10.09"]
[EventType "swiss"]
[EventRounds "6"]
[EventCountry "CAN"]
[SourceTitle "CFC 2000.02"]
[Source "CFC"]
[SourceDate "2000.02.??"]
[SourceVersionDate "2000.02.??"]
[SourceQuality "1"]

1. e4 c6 2. d4 d5 3. e5 c5 4. c3 Nc6 5. Nf3 e6 6. a3 cxd4 7. cxd4 Nge7 8. Bd3 Ng6 9. O-O Be7 10. Nc3 O-O 11. g3 Re8 12. h4 Bd7 13. Ng5 Bxg5 14. Bxg5 Nce7 15. h5 Nf8 16. Nb5 Bxb5 17. Bxb5 Nd7 18. Qg4 Kh8 19. Qf4 Rf8 20. h6 Ng6 21. hxg7+ Kxg7 22. Bh6+ Kg8 23. Qf3 Re8 24. Bxd7 Qxd7 1-0

[Event "Outaouais op"]
[Site "Hull CAN"]
[Date "1999.10.22"]
[Round "1"]
[White "Auger, Bertrand"]
[Black "Hergott, Deen"]
[Result "0-1"]
[WhiteElo "2058"]
[BlackElo "2447"]
[PlyCount "50"]
[GameId "2160767911741950"]
[EventDate "1999.10.22"]
[EventType "swiss"]
[EventRounds "5"]
[EventCountry "CAN"]
[SourceTitle "EXT 2022"]
[Source "ChessBase"]
[SourceDate "2021.10.06"]
[SourceVersion "1"]
[SourceVersionDate "2021.10.06"]
[SourceQuality "1"]

1. Nf3 Nf6 2. g3 d5 3. b3 Bg4 4. Bg2 Nbd7 5. Bb2 e6 6. O-O c6 7. d3 a5 8. a3 Bd6 9. Nbd2 O-O 10. c4 Qe7 11. Qc2 e5 12. e4 dxe4 13. dxe4 Rfd8 14. Rfe1 Bc7 15. Nh4 Nc5 16. h3 Qd7 17. hxg4 Qxd2 18. Qxd2 Rxd2 19. Bc1 Rd3 20. g5 Nfd7 21. Be3 Nxb3 22. Rad1 Ndc5 23. Rb1 a4 24. f3 Ba5 25. Re2 Nd4 0-1